Mathematics of digital images : (Record no. 176894)

000 -LEADER
fixed length control field 01239 a2200265 4500
003 - CONTROL NUMBER IDENTIFIER
control field Nust
005 - DATE AND TIME OF LATEST TRANSACTION
control field 20220811143608.0
010 ## - LIBRARY OF CONGRESS CONTROL NUMBER
LC control number 2006286288
020 ## - INTERNATIONAL STANDARD BOOK NUMBER
International Standard Book Number 0521780292
020 ## - INTERNATIONAL STANDARD BOOK NUMBER
International Standard Book Number 9780521780292
035 ## - SYSTEM CONTROL NUMBER
System control number (OCoLC)61702402
035 ## - SYSTEM CONTROL NUMBER
System control number (OCoLC)ocm61702402
040 ## - CATALOGING SOURCE
Transcribing agency Nust
082 04 - DEWEY DECIMAL CLASSIFICATION NUMBER
Classification number 621.3670151,HOG
100 1# - MAIN ENTRY--PERSONAL NAME
Personal name Hoggar, S. G.
9 (RLIN) 96886
245 10 - TITLE STATEMENT
Title Mathematics of digital images :
Remainder of title creation, compression, restoration, recognition /
Statement of responsibility, etc. S.G. Hoggar.
260 ## - PUBLICATION, DISTRIBUTION, ETC.
Place of publication, distribution, etc. Cambridge ;
-- New York :
Name of publisher, distributor, etc. Cambridge University Press,
Date of publication, distribution, etc. c2006.
300 ## - PHYSICAL DESCRIPTION
Extent xxxii, 854 p. :
Other physical details ill., port. ;
Dimensions 26 cm.
505 ## - FORMATTED CONTENTS NOTE
Formatted contents note The plane (Page-1), the seven braid patterns (Page-43), matrix structures (Page-113), here’s to probability (Page-207), information , error and belief (Page-393), transforming the image (Page-521), See, edit, reconstruct (Page-685).
650 #0 - SUBJECT ADDED ENTRY--TOPICAL TERM
Topical term or geographic name entry element Telecommunication Engineering.
856 42 - ELECTRONIC LOCATION AND ACCESS
Materials specified Contributor biographical information
Uniform Resource Identifier <a href="http://www.loc.gov/catdir/enhancements/fy0732/2006286288-b.html">http://www.loc.gov/catdir/enhancements/fy0732/2006286288-b.html</a>
856 42 - ELECTRONIC LOCATION AND ACCESS
Materials specified Publisher description
Uniform Resource Identifier <a href="http://www.loc.gov/catdir/enhancements/fy0617/2006286288-d.html">http://www.loc.gov/catdir/enhancements/fy0617/2006286288-d.html</a>
856 42 - ELECTRONIC LOCATION AND ACCESS
Materials specified Table of contents only
Uniform Resource Identifier <a href="http://www.loc.gov/catdir/enhancements/fy0617/2006286288-t.html">http://www.loc.gov/catdir/enhancements/fy0617/2006286288-t.html</a>
942 ## - ADDED ENTRY ELEMENTS (KOHA)
Koha item type Reference
Source of classification or shelving scheme
Holdings
Withdrawn status Lost status Source of classification or shelving scheme Damaged status Not for loan Permanent Location Current Location Shelving location Date acquired Full call number Barcode Date last seen Price effective from Koha item type Public note
          Military College of Signals (MCS) Military College of Signals (MCS) Reference 12/12/2016 621.3670151,HOG MCS33206 12/08/2016 12/12/2016 Reference Almirah No.20, Shelf No.6
© 2023 Central Library, National University of Sciences and Technology. All Rights Reserved.